Un océano de seda y plata: el universo económico del Galeón de Manila / (Record no. 186738)

MARC details
000 -LEADER
campo de control de longitud fija 01422nam a2200349 i 4500
001 - NÚMERO DE CONTROL
campo de control 186738
003 - IDENTIFICADOR DE NÚMERO DE CONTROL
campo de control SpMaBN
005 - FECHA Y HORA DE LA ÚLTIMA TRANSACCIÓN
campo de control 20250901234616.0
008 - DATOS DE LONGITUD FIJA--INFORMACIÓN GENERAL
campo de control de longitud fija 170210s2013 sp abe |||| | spa d
020 ## - NÚMERO INTERNACIONAL ESTÁNDAR DEL LIBRO
Número Internacional Estándar del Libro 978-84-00-09699-1
080 ## - NÚMERO DE LA CLASIFICACIÓN DECIMAL UNIVERSAL
Número de la Clasificación Decimal Universal 656.61(599.17 M.)"15/18"
080 ## - NÚMERO DE LA CLASIFICACIÓN DECIMAL UNIVERSAL
Número de la Clasificación Decimal Universal 339.5(599:460)"15/18"
080 ## - NÚMERO DE LA CLASIFICACIÓN DECIMAL UNIVERSAL
Número de la Clasificación Decimal Universal 339.5(460:599)"15/18"
245 03 - MENCIÓN DEL TÍTULO
Título Un océano de seda y plata: el universo económico del Galeón de Manila /
Mención de responsabilidad, etc. Salvador Bernabéu Albert y Carlos Martínez Shaw (eds.).
260 ## - PUBLICACIÓN, DISTRIBUCIÓN, ETC.
Lugar de publicación, distribución, etc. Sevilla :
Nombre del editor, distribuidor, etc. Consejo Superior de Investigaciones Científicas,
Fecha de publicación, distribución, etc. 2013.
300 ## - DESCRIPCIÓN FÍSICA
Extensión 443 p. :
Otras características físicas mapas ;
Dimensiones 24 cm.
490 1# - MENCIÓN DE SERIE
Mención de serie Universos americanos ;
Designación de volumen o secuencia 12
504 ## - NOTA DE BIBLIOGRAFÍA, ETC.
Nota de bibliografía, etc. Referencias bibliográficas.
610 27 - PUNTO DE ACCESO ADICIONAL DE MATERIA--NOMBRE DE ENTIDAD CORPORATIVA
Nombre de entidad corporativa o nombre de jurisdicción como elemento de entrada Galeón de Manila-
Subdivisión de forma Historia.
9 (RLIN) 161700
650 #4 - PUNTO DE ACCESO ADICIONAL DE MATERIA--TÉRMINO DE MATERIA
Término de materia o nombre geográfico como elemento de entrada Marina mercante-
Subdivisión geográfica España
9 (RLIN) 14791
651 #7 - PUNTO DE ACCESO ADICIONAL DE MATERIA--NOMBRE GEOGRÁFICO
Nombre geográfico Filipinas-
Subdivisión general Comercio exterior-
Subdivisión geográfica España
Fuente del encabezamiento o término
9 (RLIN) 161701
651 #7 - PUNTO DE ACCESO ADICIONAL DE MATERIA--NOMBRE GEOGRÁFICO
Nombre geográfico España-
Subdivisión general Comercio exterior-
Subdivisión geográfica Filipinas.
9 (RLIN) 161702
700 1# - ENTRADA AGREGADA--NOMBRE PERSONAL
Nombre de persona Bernabéu Albert, Salvador.
9 (RLIN) 28162
700 1# - ENTRADA AGREGADA--NOMBRE PERSONAL
Nombre de persona Martínez Shaw, Carlos.
9 (RLIN) 78426
710 2# - ENTRADA AGREGADA--NOMBRE DE ENTIDAD CORPORATIVA
Nombre de entidad corporativa o nombre de jurisdicción como elemento de entrada Consejo Superior de Investigaciones Científicas (España)
9 (RLIN) 3236
830 1# - PUNTO DE ACCESO ADICIONAL DE SERIE-TÍTULO UNIFORME
Título uniforme Universos americanos ;
Designación de volumen o secuencia 12
9 (RLIN) 225464
852 ## - LOCALIZACIÓN
Ubicación ES-MaACL
Número de control de estantería A-14021
itemnumber 193795
Sublocalización o colección R.151300
Ubicación en estantería Depósito 1
Signatura antigua Olim: N-7021
Donativo/Legado Donación: Casa Velázquez
914 ## - NOMBRE ENTIDAD DE DONANTE
RLIN 2477
Nombre de congreso/reunión o jurisdicción como elemento de entrada Casa de Velázquez
Unidad subordinada Donante
942 ## - ELEMENTOS DE ENTRADA SECUNDARIOS (KOHA)
Fuente del sistema de clasificación o colocación Clasificación decimal universal
Tipo de ítem Koha Libro impreso
Holdings
Estatus retirado Estado de pérdida Fuente del sistema de clasificación o colocación Estado de daño No para préstamo Biblioteca de origen Biblioteca actual Ubicación en estantería Fecha de adquisición Fuente de adquisición Total de préstamos Signatura topográfica completa Código de barras Visto por última vez Precio de reemplazo Tipo de ítem Koha
    Clasificación decimal universal     Biblioteca del Ateneo de Madrid Biblioteca del Ateneo de Madrid Depósito 1 10/02/2017 Donación   A-14021 1196972 23/02/2023 23/02/2023 Libro impreso